000 00351nam a2200133Ia 4500
008 240624s9999 xx 000 0 und d
041 _aeng
082 _a658.4022 MIL
100 _aMILLER BRIAN COLE
245 _aNICE TEAMS FINISH LAST THE SECRET TO UNL
260 _c2010
_aNew York
_bAMACOM
300 _axii, : 208 : p. : cm. ; 23
365 _c
_b25
999 _c22382
_d22382